[Event "Stay Safe Play From Home 195"]
[Site "T#646521Emanuel Laske"]
[Date "2020.06.02"]
[Round "1"]
[White "Position"]
[Black "Edmatuag"]
[Result "1-0"]
[WhiteElo "2118"]
[BlackElo "1727"]
[Annotator "TA"]
[PlyCount "125"]
[EventDate "2020.06.02"]
[EventType "swiss (blitz)"]

{[%evp 9,125,13,66,33,36,36,25,34,50,39,36,8,59,60,80,68,93,68,106,102,67,60,83,0,0,-10,24,22,26,2,9,6,23,0,0,-7,-12,0,0,-16,-17,-77,0,-42,-40,-42,-42,-35,-36,-50,-36,-37,-37,-43,-23,-35,-26,-34,-22,-39,-32,-42,-2,-8,-7,-10,0,0,0,0,0,0,0,-3,0,-4,0,-8,0,0,0,-8,-8,-8,-8,-8,-8,-8,8,-8,-8,-421,-398,-345,-126,-129,-125,-119,0,-8,0,0,0,0,29981,29981,29984,29985,29985,29986,29986,29987,29987,29986,29986,29987,29991,29992]} 1. e4 c5 2. Nf3 d6 3. g3 g6 4. Bg2 Bg7 5. O-O e6 (5... Nc6 $11) 6. c3 {B50: Sicilian: 2...d6, Miscellaneous.} Nc6 7. d4 cxd4 8. cxd4 {White has an edge.} Nge7 9. Nc3 O-O 10. Bg5 {[#]} a6 $146 ({Better is} 10... d5 $11) ({Predecessor:} 10... Qd7 11. Rc1 b6 12. Qa4 h6 13. Be3 Na5 14. Qxd7 Bxd7 15. Nd2 Rac8 16. f4 Nc4 17. Nxc4 Rxc4 {½-½ (42) Rodriguez Mellado,A (2013)-Gonzalez Acosta,P (1623) Las Palmas 2015}) 11. Qd2 Qc7 12. Rac1 Qa5 13. Bh6 Bd7 14. Bxg7 Kxg7 15. a3 Rac8 16. Qf4 ({White should play} 16. b4 $16 Qd8 17. h4) 16... e5 $11 17. Qd2 Rfd8 18. d5 Na7 19. Qg5 f6 20. Qe3 Nb5 21. Na2 Qa4 22. Rfd1 Rxc1 23. Rxc1 Rc8 24. Rxc8 Nxc8 25. h3 (25. Bf1 $11) 25... Qc4 (25... Qd1+ $17 26. Qe1 Qxe1+ 27. Nxe1 Nb6) 26. Nc3 (26. Nb4 {looks sharper.} Qc7 27. Bf1 Nb6 28. g4 h6 29. Bxb5 Bxb5 30. Na2) 26... Nxc3 27. Qxc3 Qxc3 28. bxc3 $15 {[%mdl 4096] Endgame KBN-KBN} Nb6 29. Bf1 Na4 30. c4 Nc5 31. Nd2 Ba4 32. f3 Bc2 33. Kf2 f5 34. Ke3 Kf6 35. Be2 g5 36. exf5 Bxf5 37. h4 gxh4 38. gxh4 h6 39. f4 exf4+ 40. Kxf4 Bc2 41. Nf3 Nd3+ 42. Ke3 Nb2 43. Nd4 Bg6 44. Ne6 Bf5 45. Nd8 Bc8 46. Kd4 Ke7 47. Ne6 Bxe6 48. dxe6 Kxe6 $11 {KB-KN} 49. c5 Na4 50. c6 $2 {[%mdl 8192] [#]} (50. Bg4+ $11 {and White is okay.} Ke7 51. cxd6+ Kxd6 52. Bd1) 50... bxc6 $19 51. Bxa6 c5+ $2 (51... d5 $19 {has better winning chances.} 52. Ke3 Ke5) 52. Kc4 $17 Nb6+ 53. Kb5 Nd7 ({Black should try} 53... Nd5 $17 {White must now prevent ...Nc7+.} 54. Bb7 Ke5) 54. a4 Kd5 55. Bb7+ Kd4 {Threatens to win with ...c4.} 56. a5 {a6 is the strong threat.} d5 $2 {[%mdl 8192] [#]} (56... Nb8 $11) 57. a6 {White mates.} c4 58. a7 c3 59. a8=Q c2 60. Qa1+ Kd3 61. Qc1 Nf6 62. Kb4 d4 63. Kb3 {Accuracy: White = 78%, Black = 75%.} 1-0

[Event "Stay Safe Play From Home 195"]
[Site "T#646521Emanuel Laske"]
[Date "2020.06.02"]
[Round "1"]
[White "Don59as"]
[Black "President"]
[Result "1-0"]
[WhiteElo "2057"]
[BlackElo "1699"]
[Annotator "NA RC"]
[PlyCount "51"]
[EventDate "2020.06.02"]
[EventType "swiss (blitz)"]

1. c4 {[%emt 0:00:02]} b6 {[%emt 0:00:06]} 2. Nc3 {[%emt 0:00:02]} Bb7 {[%emt 0:00:01]} 3. e4 {[%emt 0:00:05]} c5 {[%emt 0:00:02]} 4. g3 {[%emt 0:00:01]} g6 {[%emt 0:00:05]} 5. Bg2 {[%emt 0:00:01]} Bg7 {[%emt 0:00:01]} 6. Nge2 {[%emt 0:00:01]} e6 {[%emt 0:00:02]} 7. O-O {[%emt 0:00:02]} Ne7 {[%emt 0:00:05]} 8. d4 {[%emt 0:00:01]} cxd4 {[%emt 0:00:03]} 9. Nxd4 {[%emt 0:00:00]} d5 {[%emt 0:00:05]} 10. exd5 {[%emt 0:00:04]} exd5 {[%emt 0:00:02]} 11. cxd5 {[%emt 0:00:08]} O-O {[%emt 0:00:06]} 12. d6 {[%emt 0:00:06]} Bxg2 {[%emt 0:00:04]} 13. dxe7 {[%emt 0:00:01]} Qxe7 {[%emt 0:00:03]} 14. Kxg2 {[%emt 0:00:04]} Qb7+ {[%emt 0:00:07]} 15. Qf3 {[%emt 0:00:03]} Qxf3+ {[%emt 0:00:03]} 16. Nxf3 {[%emt 0:00:02]} Nc6 {[%emt 0:00:03]} 17. Be3 {[%emt 0:00:04]} Rad8 {[%emt 0:00:03]} 18. Rfd1 {[%emt 0:00:01]} Ne5 {[%emt 0:00:05]} 19. Nxe5 {[%emt 0:00:02]} Bxe5 {[%emt 0:00:02]} 20. Rxd8 {[%emt 0:00:07]} Rxd8 {[%emt 0:00:02]} 21. Rd1 {[%emt 0:00:01]} Rxd1 {[%emt 0:00:03]} 22. Nxd1 {[%emt 0:00:01]} Kf8 {[%emt 0:00:03]} 23. Nc3 {[%emt 0:00:05]} Bxc3 {[%emt 0:00:03]} 24. bxc3 {[%emt 0:00:01]} Ke7 {[%emt 0:00:04]} 25. Kf3 {[%emt 0:00:01]} Kd6 {[%emt 0:00:01]} 26. Ke4 {[%emt 0:00:01] President gibt auf (Lag: Av=0.39s, max=0.6s)} 1-0

[Event "Stay Safe Play From Home 195"]
[Site "T#646521Emanuel Laske"]
[Date "2020.06.02"]
[Round "1"]
[White "Tobo Rubirosa"]
[Black "Bellbox"]
[Result "0-1"]
[WhiteElo "1642"]
[BlackElo "2020"]
[Annotator "TA"]
[PlyCount "48"]
[EventDate "2020.06.02"]
[EventType "swiss (blitz)"]

{[%evp 19,48,-10,27,-19,-25,-76,-74,-77,-86,-84,-75,-173,-178,-175,-168,-347,-347,-341,-343,-933,-281,-431,-404,-525,-518,-545,-550,-774,-801,-1608,-1536]} 1. d4 f5 2. Nf3 Nf6 3. g3 g6 4. Bg2 Bg7 5. O-O O-O 6. c4 d6 7. Nc3 c6 8. d5 e5 9. dxe6 Bxe6 10. Qd3 Ng4 {10...Nbd7 is setting a new trend.} 11. Bf4 {A88: Dutch Defence: Leningrad System: 5 Nf3 0-0 6 0-0 d6 7 Nc3 c6.} Ne5 12. Bxe5 (12. Nxe5 $11 {remains equal.} dxe5 13. Qxd8 Rxd8 14. Bg5) 12... dxe5 $17 {[#]} 13. Qxd8 $146 {Black is better.} ({Predecessor:} 13. Rfd1 Qxd3 14. exd3 Nd7 15. Ng5 Rfe8 16. Re1 Nc5 17. Rad1 Rad8 18. Nxe6 Rxe6 19. Re3 Red6 20. b4 Nxd3 21. b5 e4 22. Ne2 Bh6 23. f4 exf3 {0-1 (23) Dilworth,V-Basman,M Charlton 1973}) 13... Rxd8 14. Rfd1 Na6 15. b3 (15. e4 $17) 15... e4 $19 16. Ng5 Bxc4 ({Don't do} 16... Bxc3 17. Nxe6 Re8 18. Rac1 $17) 17. Rxd8+ $2 {[#]} (17. bxc4 {is a better defense.} Bxc3 18. Ne6) 17... Rxd8 18. Rc1 Bxc3 19. Rxc3 $2 (19. bxc4 Bf6 20. h4) 19... Bxe2 $2 (19... Rd1+ 20. Bf1 Bxe2) 20. Rc1 (20. f3 {was forced.}) 20... Nb4 21. Ne6 Rd6 {Black is clearly winning.} 22. Nc5 b6 23. Na4 Nxa2 24. Bf1 Nxc1 {Black took control after the opening. Accuracy: White = 20%, Black = 64%.} 0-1

[Event "Stay Safe Play From Home 195"]
[Site "T#646521Emanuel Laske"]
[Date "2020.06.02"]
[Round "1"]
[White "Aktürk"]
[Black "Haris kollari 13"]
[Result "0-1"]
[WhiteElo "1517"]
[BlackElo "1879"]
[Annotator "NA RC"]
[PlyCount "62"]
[EventDate "2020.06.02"]
[EventType "swiss (blitz)"]

1. e3 {[%emt 0:00:01]} e5 {[%emt 0:00:01]} 2. Qf3 {[%emt 0:00:02]} d5 {[%emt 0:00:02]} 3. b3 {[%emt 0:00:00]} Nc6 {[%emt 0:00:02]} 4. Bb2 {[%emt 0:00:01]} Be6 {[%emt 0:00:01]} 5. Bb5 {[%emt 0:00:02]} Bd6 {[%emt 0:00:01]} 6. Qg3 {[%emt 0:00:01]} Qf6 {[%emt 0:00:04]} 7. Bxc6+ {[%emt 0:00:03]} bxc6 {[%emt 0:00:01]} 8. Ne2 {[%emt 0:00:02]} Ne7 {[%emt 0:00:01]} 9. h4 {[%emt 0:00:02]} h5 {[%emt 0:00:04]} 10. a3 {[%emt 0:00:07]} Nf5 {[%emt 0:00:01]} 11. Qg5 {[%emt 0:00:04]} a5 {[%emt 0:00:20]} 12. Qxf6 {[%emt 0:00:05]} gxf6 {[%emt 0:00:01]} 13. a4 {[%emt 0:00:02]} Ke7 {[%emt 0:00:02]} 14. g3 {[%emt 0:00:07]} Rhg8 {[%emt 0:00:01]} 15. Nbc3 {[%emt 0:00:05]} Nh6 {[%emt 0:00:06]} 16. Rg1 {[%emt 0:00:09]} Bg4 {[%emt 0:00:01]} 17. O-O-O {[%emt 0:00:11]} d4 {[%emt 0:00:01]} 18. exd4 {[%emt 0:00:08]} exd4 {[%emt 0:00:01]} 19. Nxd4 {[%emt 0:00:12]} Bxd1 {[%emt 0:00:01]} 20. Re1+ {[%emt 0:00:03]} Kd7 {[%emt 0:00:03]} 21. Nxd1 {[%emt 0:00:04]} Be5 {[%emt 0:00:02]} 22. f4 {[%emt 0:00:09]} Bxd4 {[%emt 0:00:04]} 23. Bxd4 {[%emt 0:00:02]} Ng4 {[%emt 0:00:00]} 24. Nc3 {[%emt 0:00:10]} Rge8 {[%emt 0:00:02]} 25. Ne4 {[%emt 0:00:07]} Rad8 {[%emt 0:00:10]} 26. Nc5+ {[%emt 0:00:02]} Kc8 {[%emt 0:00:01]} 27. Rf1 {[%emt 0:00:07]} Rxd4 {[%emt 0:00:02]} 28. c3 {[%emt 0:00:05]} Rd5 {[%emt 0:00:02]} 29. Na6 {[%emt 0:00:10]} Kb7 {[%emt 0:00:04]} 30. c4 {[%emt 0:00:04]} Rf5 {[%emt 0:00:03]} 31. Nxc7 {[%emt 0:00:10]} Kxc7 {[%emt 0:00:01] Aktürk terk eder (Lag: Av=0.44s, max=2.7s)} 0-1

[Event "Stay Safe Play From Home 195"]
[Site "T#646521Emanuel Laske"]
[Date "2020.06.02"]
[Round "2"]
[White "Don59as"]
[Black "Lucknow"]
[Result "1-0"]
[WhiteElo "2060"]
[BlackElo "1709"]
[Annotator "NA RC"]
[PlyCount "119"]
[EventDate "2020.06.02"]
[EventType "swiss (blitz)"]

1. c4 {[%emt 0:00:02]} e5 {[%emt 0:00:02]} 2. Nc3 {[%emt 0:00:05]} Nf6 {[%emt 0:00:01]} 3. e4 {[%emt 0:00:03]} d6 {[%emt 0:00:02]} 4. g3 {[%emt 0:00:01]} Be7 {[%emt 0:00:02]} 5. Bg2 {[%emt 0:00:01]} O-O {[%emt 0:00:01]} 6. Nge2 {[%emt 0:00:01]} Nc6 {[%emt 0:00:01]} 7. d4 {[%emt 0:00:02]} exd4 {[%emt 0:00:01]} 8. Nxd4 {[%emt 0:00:00]} Bd7 {[%emt 0:00:02]} 9. O-O {[%emt 0:00:02]} Nxd4 {[%emt 0:00:01]} 10. Qxd4 {[%emt 0:00:01]} Bc6 {[%emt 0:00:00]} 11. b3 {[%emt 0:00:02]} Nd7 {[%emt 0:00:03]} 12. Bb2 {[%emt 0:00:01]} Bf6 {[%emt 0:00:01]} 13. Qd2 {[%emt 0:00:01]} Re8 {[%emt 0:00:02]} 14. Rfe1 {[%emt 0:00:04]} Ne5 {[%emt 0:00:13]} 15. f4 {[%emt 0:00:07]} Ng4 {[%emt 0:00:01]} 16. h3 {[%emt 0:00:01]} Nh6 {[%emt 0:00:01]} 17. g4 {[%emt 0:00:05]} Bh4 {[%emt 0:00:07]} 18. Re2 {[%emt 0:00:07]} Kh8 {[%emt 0:00:23]} 19. Nd5 {[%emt 0:00:10]} Bxd5 {[%emt 0:00:07]} 20. Qxd5 {[%emt 0:00:04]} c6 {[%emt 0:00:17]} 21. Qh5 {[%emt 0:00:09]} Bf6 {[%emt 0:00:23]} 22. e5 {[%emt 0:00:17]} dxe5 {[%emt 0:00:03]} 23. fxe5 {[%emt 0:00:01]} Bg5 {[%emt 0:00:08]} 24. h4 {[%emt 0:00:16]} Bxh4 {[%emt 0:00:27]} 25. e6 {[%emt 0:00:01]} Bf6 {[%emt 0:00:02]} 26. Bxf6 {[%emt 0:00:14]} Qxf6 {[%emt 0:00:01]} 27. Rf1 {[%emt 0:00:07]} Qd4+ {[%emt 0:00:03]} 28. Kh1 {[%emt 0:00:07]} Rxe6 {[%emt 0:00:17]} 29. Rxe6 {[%emt 0:00:05]} fxe6 {[%emt 0:00:01]} 30. g5 {[%emt 0:00:04]} Nf5 {[%emt 0:00:03]} 31. Rf3 {[%emt 0:00:24]} Qd1+ {[%emt 0:00:14]} 32. Kh2 {[%emt 0:00:03]} Qd6+ {[%emt 0:00:01]} 33. Kh3 {[%emt 0:00:08]} g6 {[%emt 0:00:06]} 34. Qg4 {[%emt 0:00:02]} Rd8 {[%emt 0:00:04]} 35. Qe4 {[%emt 0:00:08]} Qd4 {[%emt 0:00:04]} 36. Qxd4+ {[%emt 0:00:04]} Rxd4 {[%emt 0:00:02]} 37. Kh2 {[%emt 0:00:04]} Kg7 {[%emt 0:00:07]} 38. Rf2 {[%emt 0:00:03]} Rh4+ {[%emt 0:00:09]} 39. Kg1 {[%emt 0:00:02]} Rg4 {[%emt 0:00:01]} 40. Kh2 {[%emt 0:00:11]} Rxg5 {[%emt 0:00:05]} 41. Rd2 {[%emt 0:00:01]} Rh5+ {[%emt 0:00:09]} 42. Kg1 {[%emt 0:00:01]} Kf6 {[%emt 0:00:16]} 43. Rd7 {[%emt 0:00:02]} Rg5 {[%emt 0:00:00]} 44. Kf2 {[%emt 0:00:02]} Nh4 {[%emt 0:00:01]} 45. Bh3 {[%emt 0:00:02]} h5 {[%emt 0:00:02]} 46. Rxb7 {[%emt 0:00:02]} Nf5 {[%emt 0:00:00]} 47. Bxf5 {[%emt 0:00:03]} Kxf5 {[%emt 0:00:01]} 48. Rc7 {[%emt 0:00:01]} e5 {[%emt 0:00:00]} 49. Rxc6 {[%emt 0:00:01]} e4 {[%emt 0:00:00]} 50. Rc5+ {[%emt 0:00:01]} Kf4 {[%emt 0:00:00]} 51. Rc7 {[%emt 0:00:03]} Rf5 {[%emt 0:00:02]} 52. Ke2 {[%emt 0:00:02]} h4 {[%emt 0:00:02]} 53. b4 {[%emt 0:00:06]} g5 {[%emt 0:00:01]} 54. c5 {[%emt 0:00:01]} h3 {[%emt 0:00:00]} 55. Rh7 {[%emt 0:00:01]} g4 {[%emt 0:00:00]} 56. c6 {[%emt 0:00:01]} Rb5 {[%emt 0:00:02]} 57. c7 {[%emt 0:00:02]} Rxb4 {[%emt 0:00:00]} 58. c8=Q {[%emt 0:00:02]} Rb2+ {[%emt 0:00:00]} 59. Kd1 {[%emt 0:00:01]} Kg3 {[%emt 0:00:03]} 60. Rg7 {[%emt 0:00:01] Lucknow gibt auf (Lag: Av=0.43s, max=0.8s)} 1-0

[Event "Stay Safe Play From Home 195"]
[Site "T#646521Emanuel Laske"]
[Date "2020.06.02"]
[Round "2"]
[White "Haris kollari 13"]
[Black "Position"]
[Result "0-1"]
[WhiteElo "1883"]
[BlackElo "2121"]
[Annotator "NA RC"]
[PlyCount "150"]
[EventDate "2020.06.02"]
[EventType "swiss (blitz)"]

1. e4 {[%emt 0:00:01]} c5 {[%emt 0:00:02]} 2. Nf3 {[%emt 0:00:04]} d6 {[%emt 0:00:02]} 3. d4 {[%emt 0:00:01]} cxd4 {[%emt 0:00:00]} 4. Nxd4 {[%emt 0:00:01]} Nf6 {[%emt 0:00:01]} 5. Nc3 {[%emt 0:00:01]} a6 {[%emt 0:00:01]} 6. f4 {[%emt 0:00:01]} Nc6 {[%emt 0:00:02]} 7. Be3 {[%emt 0:00:01]} Ng4 {[%emt 0:00:02]} 8. Bg1 {[%emt 0:00:02]} e5 {[%emt 0:00:02]} 9. Nf5 {[%emt 0:00:03]} Bxf5 {[%emt 0:00:04]} 10. exf5 {[%emt 0:00:01]} Nf6 {[%emt 0:00:02]} 11. g4 {[%emt 0:00:14]} exf4 {[%emt 0:00:07]} 12. g5 {[%emt 0:00:08]} Qe7+ {[%emt 0:00:02]} 13. Qe2 {[%emt 0:00:16]} Ng4 {[%emt 0:00:22]} 14. Nd5 {[%emt 0:00:08]} Qxe2+ {[%emt 0:00:03]} 15. Bxe2 {[%emt 0:00:01]} f3 {[%emt 0:00:12]} 16. Bxf3 {[%emt 0:00:10]} Nge5 {[%emt 0:00:01]} 17. Nc7+ {[%emt 0:00:11]} Kd8 {[%emt 0:00:10]} 18. Nxa8 {[%emt 0:00:01]} Nxf3+ {[%emt 0:00:01]} 19. Kf2 {[%emt 0:00:01]} Nxg5 {[%emt 0:00:02]} 20. Nb6 {[%emt 0:00:04]} Nb4 {[%emt 0:00:25]} 21. c3 {[%emt 0:00:03]} Nd3+ {[%emt 0:00:02]} 22. Ke2 {[%emt 0:00:06]} Nf4+ {[%emt 0:00:02]} 23. Kd2 {[%emt 0:00:04]} Kc7 {[%emt 0:00:12]} 24. Kc2 {[%emt 0:00:04]} Kc6 {[%emt 0:00:12]} 25. Nc4 {[%emt 0:00:10]} f6 {[%emt 0:00:11]} 26. Be3 {[%emt 0:00:01]} Nd5 {[%emt 0:00:06]} 27. Bxg5 {[%emt 0:00:02]} fxg5 {[%emt 0:00:00]} 28. Rad1 {[%emt 0:00:03]} Nf4 {[%emt 0:00:14]} 29. Rhf1 {[%emt 0:00:05]} Be7 {[%emt 0:00:03]} 30. h4 {[%emt 0:00:02]} h6 {[%emt 0:00:02]} 31. Rde1 {[%emt 0:00:02]} Nd5 {[%emt 0:00:08]} 32. hxg5 {[%emt 0:00:17]} hxg5 {[%emt 0:00:04]} 33. Re6 {[%emt 0:00:01]} b5 {[%emt 0:00:21]} 34. Ne5+ {[%emt 0:00:01]} Kc7 {[%emt 0:00:09]} 35. Ng6 {[%emt 0:00:02]} Rh2+ {[%emt 0:00:02]} 36. Kb3 {[%emt 0:00:01]} Bf6 {[%emt 0:00:02]} 37. Rd1 {[%emt 0:00:05]} Kc6 {[%emt 0:00:08]} 38. a4 {[%emt 0:00:01]} b4 {[%emt 0:00:06]} 39. Kc4 {[%emt 0:00:06]} bxc3 {[%emt 0:00:02]} 40. Rxd5 {[%emt 0:00:17]} cxb2 {[%emt 0:00:25]} 41. Rdxd6+ {[%emt 0:00:01]} Kc7 {[%emt 0:00:01]} 42. Rc6+ {[%emt 0:00:01]} Kb7 {[%emt 0:00:01]} 43. Rb6+ {[%emt 0:00:01]} Kc7 {[%emt 0:00:01]} 44. Kd3 {[%emt 0:00:07]} Rh3+ {[%emt 0:00:03]} 45. Ke2 {[%emt 0:00:02]} Rh2+ {[%emt 0:00:01]} 46. Kf3 {[%emt 0:00:01]} Rc2 {[%emt 0:00:02]} 47. a5 {[%emt 0:00:18]} Rc1 {[%emt 0:00:02]} 48. Ne5 {[%emt 0:00:09]} b1=Q {[%emt 0:00:04]} 49. Rxb1 {[%emt 0:00:11]} Rxb1 {[%emt 0:00:00]} 50. Ng4 {[%emt 0:00:01]} Rb3+ {[%emt 0:00:02]} 51. Ke2 {[%emt 0:00:02]} Bc3 {[%emt 0:00:08]} 52. Rxa6 {[%emt 0:00:02]} Rb5 {[%emt 0:00:01]} 53. f6 {[%emt 0:00:10]} gxf6 {[%emt 0:00:01]} 54. Nxf6 {[%emt 0:00:04]} Kb7 {[%emt 0:00:01]} 55. Rb6+ {[%emt 0:00:04]} Rxb6 {[%emt 0:00:02]} 56. axb6 {[%emt 0:00:05]} Bxf6 {[%emt 0:00:00]} 57. Kf3 {[%emt 0:00:01]} Bd8 {[%emt 0:00:00]} 58. Kg4 {[%emt 0:00:00]} Kxb6 {[%emt 0:00:00]} 59. Kf5 {[%emt 0:00:01]} Kc6 {[%emt 0:00:00]} 60. Kg4 {[%emt 0:00:01]} Kd7 {[%emt 0:00:00]} 61. Kf5 {[%emt 0:00:01]} Ke7 {[%emt 0:00:01]} 62. Ke5 {[%emt 0:00:01]} Kf7 {[%emt 0:00:01]} 63. Kf5 {[%emt 0:00:00]} Kg7 {[%emt 0:00:01]} 64. Kg4 {[%emt 0:00:01]} Kg6 {[%emt 0:00:01]} 65. Kg3 {[%emt 0:00:00]} Bc7+ {[%emt 0:00:00]} 66. Kg4 {[%emt 0:00:01]} Bf4 {[%emt 0:00:00]} 67. Kf3 {[%emt 0:00:01]} Kf5 {[%emt 0:00:00]} 68. Kg2 {[%emt 0:00:01]} g4 {[%emt 0:00:00]} 69. Kf2 {[%emt 0:00:01]} Ke4 {[%emt 0:00:00]} 70. Kg2 {[%emt 0:00:01]} g3 {[%emt 0:00:01]} 71. Kg1 {[%emt 0:00:02]} Kf3 {[%emt 0:00:01]} 72. Kf1 {[%emt 0:00:01]} g2+ {[%emt 0:00:01]} 73. Kg1 {[%emt 0:00:01]} Be3+ {[%emt 0:00:01]} 74. Kh2 {[%emt 0:00:00]} g1=Q+ {[%emt 0:00:00]} 75. Kh3 {[%emt 0:00:00]} Qg3# {[%emt 0:00:01] (Lag: Av=0.83s, max=1.9s)} 0-1

[Event "Stay Safe Play From Home 195"]
[Site "T#646521Emanuel Laske"]
[Date "2020.06.02"]
[Round "2"]
[White "Edmatuag"]
[Black "Tobo Rubirosa"]
[Result "0-1"]
[WhiteElo "1724"]
[BlackElo "1638"]
[Annotator "NA RC"]
[PlyCount "102"]
[EventDate "2020.06.02"]
[EventType "swiss (blitz)"]

1. e4 {[%emt 0:00:03]} c5 {[%emt 0:00:02]} 2. Nf3 {[%emt 0:00:02]} d6 {[%emt 0:00:01]} 3. d4 {[%emt 0:00:01]} cxd4 {[%emt 0:00:01]} 4. Nxd4 {[%emt 0:00:00]} Nf6 {[%emt 0:00:01]} 5. Nc3 {[%emt 0:00:00]} a6 {[%emt 0:00:01]} 6. Be2 {[%emt 0:00:01]} e5 {[%emt 0:00:01]} 7. Nb3 {[%emt 0:00:03]} Be7 {[%emt 0:00:01]} 8. Be3 {[%emt 0:00:04]} Be6 {[%emt 0:00:01]} 9. Qd2 {[%emt 0:00:03]} Nbd7 {[%emt 0:00:02]} 10. O-O-O {[%emt 0:00:01]} Rc8 {[%emt 0:00:03]} 11. Kb1 {[%emt 0:00:01]} b5 {[%emt 0:00:02]} 12. f3 {[%emt 0:00:03]} Nb6 {[%emt 0:00:02]} 13. g4 {[%emt 0:00:04]} Nc4 {[%emt 0:00:04]} 14. Bxc4 {[%emt 0:00:02]} bxc4 {[%emt 0:00:01]} 15. Nc1 {[%emt 0:00:08]} Rb8 {[%emt 0:00:10]} 16. Ka1 {[%emt 0:00:13]} Qc7 {[%emt 0:00:03]} 17. N1e2 {[%emt 0:00:24]} O-O {[%emt 0:00:07]} 18. h4 {[%emt 0:00:03]} Rfd8 {[%emt 0:00:02]} 19. h5 {[%emt 0:00:01]} Qb7 {[%emt 0:00:05]} 20. Rb1 {[%emt 0:00:02]} d5 {[%emt 0:00:02]} 21. exd5 {[%emt 0:00:05]} Nxd5 {[%emt 0:00:02]} 22. Nxd5 {[%emt 0:00:07]} Bxd5 {[%emt 0:00:04]} 23. Nc3 {[%emt 0:00:22]} Bxf3 {[%emt 0:00:05]} 24. Qh2 {[%emt 0:00:07]} Bxh1 {[%emt 0:00:04]} 25. Qxh1 {[%emt 0:00:00]} Qxh1 {[%emt 0:00:18]} 26. Rxh1 {[%emt 0:00:00]} Rd7 {[%emt 0:00:21]} 27. a3 {[%emt 0:00:03]} Rbd8 {[%emt 0:00:05]} 28. g5 {[%emt 0:00:01]} Rd4 {[%emt 0:00:24]} 29. Bxd4 {[%emt 0:00:24]} exd4 {[%emt 0:00:02]} 30. Ne4 {[%emt 0:00:02]} f5 {[%emt 0:00:11]} 31. gxf6 {[%emt 0:00:03]} Bxf6 {[%emt 0:00:01]} 32. h6 {[%emt 0:00:07]} Re8 {[%emt 0:00:08]} 33. Re1 {[%emt 0:00:05]} Rd8 {[%emt 0:00:16]} 34. Nxf6+ {[%emt 0:00:11]} gxf6 {[%emt 0:00:02]} 35. Re7 {[%emt 0:00:02]} d3 {[%emt 0:00:02]} 36. cxd3 {[%emt 0:00:05]} cxd3 {[%emt 0:00:01]} 37. Rg7+ {[%emt 0:00:01]} Kf8 {[%emt 0:00:14]} 38. Rg1 {[%emt 0:00:01]} d2 {[%emt 0:00:02]} 39. Rd1 {[%emt 0:00:01]} Kf7 {[%emt 0:00:01]} 40. Kb1 {[%emt 0:00:01]} Kg6 {[%emt 0:00:01]} 41. Kc2 {[%emt 0:00:01]} Kxh6 {[%emt 0:00:01]} 42. Rxd2 {[%emt 0:00:04]} Rxd2+ {[%emt 0:00:18]} 43. Kxd2 {[%emt 0:00:00]} Kg7 {[%emt 0:00:01]} 44. b4 {[%emt 0:00:01]} Kf7 {[%emt 0:00:01]} 45. a4 {[%emt 0:00:06]} Ke7 {[%emt 0:00:01]} 46. Ke3 {[%emt 0:00:04]} Kd6 {[%emt 0:00:03]} 47. Ke4 {[%emt 0:00:03]} h6 {[%emt 0:00:03]} 48. Kf5 {[%emt 0:00:08]} h5 {[%emt 0:00:02]} 49. Kf4 {[%emt 0:00:04]} Kd5 {[%emt 0:00:02]} 50. b5 {[%emt 0:00:06]} axb5 {[%emt 0:00:03]} 51. axb5 {[%emt 0:00:02]} Kc5 {[%emt 0:00:01] Edmatuag resigns (Lag: Av=0.92s, max=1.8s)} 0-1

[Event "Stay Safe Play From Home 195"]
[Site "T#646521Emanuel Laske"]
[Date "2020.06.02"]
[Round "2"]
[White "President"]
[Black "Dukic"]
[Result "0-1"]
[WhiteElo "1695"]
[BlackElo "1964"]
[Annotator "TA"]
[PlyCount "72"]
[EventDate "2020.06.02"]
[EventType "swiss (blitz)"]

{[%evp 9,71,4,37,24,33,31,73,57,66,34,34,-25,-24,-34,-14,-14,-10,-5,29,27,50,0,0,-79,-40,-109,-70,-73,-65,-86,-63,-60,-61,-180,-169,-211,-197,-224,-214,-225,-189,-241,120,-214,-184,-310,-316,-1200,-1191,-1179,-1136,-1449,-1097,-3202,-2214,-29986,-2346,-29987,-29965,-29996,-29997,-29998,-29999,-29999]} 1. b3 c6 2. Bb2 d6 3. g3 Nd7 4. Bg2 e5 5. e3 {[#]} Be7 $146 ({Predecessor:} 5... g6 6. f4 Bg7 7. Ne2 Ngf6 8. O-O O-O 9. d3 Re8 10. Nec3 exf4 11. exf4 Nf8 {0-1 (31) Hoyos,A (2115)-Martyniuk,T Halle 1995}) 6. Ne2 {A01: Nimzowitsch-Larsen Opening.} h5 7. h4 f6 8. d3 {White is better.} Nh6 9. Nd2 Ng4 10. Nc3 (10. d4 $14) 10... d5 $11 11. Qe2 Qa5 12. a4 Bb4 13. Nd1 Nf8 14. c3 Bd6 15. f3 Nh6 16. Nf2 (16. e4 $1 $11) 16... Be6 17. g4 (17. e4 $15) 17... Nf7 18. g5 fxg5 19. hxg5 Nxg5 {[#]} 20. f4 $1 {[%mdl 512]} exf4 {Threatens to win with ...0-0-0.} 21. exf4 ({White must play} 21. Rxh5 $15 f3 22. Bxf3 Nxf3+ 23. Qxf3 Rxh5 24. Qxh5+ g6 25. Qg5) 21... Bxf4 $19 22. Nh3 Bg3+ 23. Kd1 Nf7 24. Rf1 {intending Rxf7!} Qc7 25. c4 {[#]} (25. Qe3 $142) 25... Rh7 $2 (25... O-O-O $1 $19 26. Kc2 h4 27. cxd5 (27. Bxg7 $2 Rg8 $19) 27... cxd5+ 28. Kb1 Kb8) 26. Nf3 $2 {[%mdl 8192] This costs White the game.} (26. cxd5 $16 {is forced if you want to stay better.} cxd5 27. Bxd5) 26... O-O-O 27. Nfg5 (27. Nhg5 {keeps fighting.} Bg4 28. Nxh7 Nxh7 29. Kc2) 27... Bg4 28. Nxh7 $2 (28. Bf3 Bxh3 29. Nxh3 dxc4 30. bxc4) 28... Bxe2+ 29. Kxe2 Nxh7 30. Bxg7 Be5 31. Bxe5 Qxe5+ 32. Kd2 dxc4 (32... Qb2+ $142 33. Ke3 Re8+ 34. Be4 dxe4 35. d4 Qxb3+ {[%mdl 64] Double Attack} 36. Ke2 Qd3+ 37. Kf2 Qd2+ 38. Kg3 Rg8+ 39. Kh4 Qg2 40. Rg1 Rg4+ 41. Kxh5 Qxh3#) 33. bxc4 Nd6 {Black mates.} 34. Rae1 Nxc4+ 35. Kc2 Qb2+ 36. Kd1 Qd2# {Accuracy: White = 39%, Black = 64%.} 0-1